| 000 | 00577nam a2200169 4500 | ||
|---|---|---|---|
| 008 | 171201b xxu||||| |||| 00| 0 eng d | ||
| 020 | _a0-87605-599-4 | ||
| 082 |
_21996 _aDC 636.8083 _bEv1c |
||
| 100 |
_923889 _aEvans, Mark |
||
| 245 |
_aThe complete guide to kitten care/ _cMark Evans |
||
| 260 |
_aNew York: _bReed International Books Limited, _c©1996. |
||
| 300 |
_a128 pages: _bcolor illustrations; _c24 cm. |
||
| 500 | _aIncludes index. | ||
| 650 | 0 |
_923890 _aKittens -- Juvenile literature |
|
| 650 | 0 |
_923891 _aCats -- Parturition -- Juvenile literature |
|
| 942 |
_2ddc _cDC |
||
| 999 |
_c7856 _d7856 |
||